000
00329nam a2200145Ia 4500
008
230718s9999 xx 000 0 und d
041
_a
Eng.
082
_a
342.2878
_b
SIN-H
100
_a
Singh, Devinder
245
0
_a
Human Rights Law
260
_a
Pakistan
_b
Lexis Nexis
_c
2010
300
_a
312
650
_a
Law
999
_c
31380
_d
31380